[Event "DVM U20 2024"]
[Site "Breisach am Rhein GER"]
[Date "2024.12.28"]
[Round "3"]
[White "Kvantaliani, Saba"]
[Black "Nguyen, Phuc Nhat"]
[Result "1/2-1/2"]
[Termination "normal"]
[Board "3.4"]
[WhiteElo "1964"]
[BlackElo "2031"]
[WhiteTeam "SK Münster 32"]
[BlackTeam "TSG Oberschöneweide"]
[PlyCount "106"]
[WhiteFideId "16284364"]
[BlackFideId "16253590"]
[EventCountry "GER"]
[EventRounds "7"]
[EventType "team-swiss"]
[EventDate "2024.12.26"]

1. e4 e5 2. Nf3 Nc6 3. Bb5 a6 4. Ba4 Nf6 5. O-O b5 6. Bb3 Bc5 7. c3 Bb6 8. d4
d6 9. a4 Rb8 10. Na3 O-O 11. axb5 axb5 12. Nxb5 Bg4 13. h3 Bxf3 14. gxf3 exd4
15. cxd4 Nxd4 16. Nxd4 Bxd4 17. Bxf7+ Rxf7 18. Qxd4 Nh5 19. Qd5 Qh4 20. Qe6 Nf4
21. Bxf4 Qxf4 22. Ra7 Kh8 23. Qg4 Qxf3 24. Qxf3 Rxf3 25. Kg2 Rf4 26. Re1 h6 27.
Re2 Re8 28. Rxc7 Rexe4 29. Rxe4 Rxe4 30. Rb7 d5 31. f3 Re2+ 32. Kg3 Kh7 33. b4
d4 34. Rd7 Rd2 35. Kf4 d3 36. Ke3 Rb2 37. Rb7 d2 38. Ke2 Kg6 39. b5 Kf6 40. b6
Kg6 41. Rb8 Kh5 42. b7 Kh4 43. f4 h5 44. f5 Kxh3 45. Kd1 h4 46. Ke2 Kh2 47. Rh8
Rxb7 48. Rxh4+ Kg3 49. Rh7 Rd7 50. Kd1 Rf7 51. f6 Rxf6 52. Rxg7+ Kf4 53. Kxd2
Rd6+ 1/2-1/2

[Event "DVM U20 2024"]
[Site "Breisach am Rhein GER"]
[Date "2024.12.28"]
[Round "3"]
[White "Ho, Ngoc Hai-Dang"]
[Black "Hartwig, Eric-Jordan"]
[Result "1-0"]
[Termination "normal"]
[Board "3.5"]
[WhiteElo "1909"]
[BlackElo "1859"]
[WhiteTeam "TSG Oberschöneweide"]
[BlackTeam "SK Münster 32"]
[PlyCount "49"]
[WhiteFideId "16206509"]
[BlackFideId "16298454"]
[EventCountry "GER"]
[EventRounds "7"]
[EventType "team-swiss"]
[EventDate "2024.12.26"]

1. e4 c5 2. Nf3 e6 3. d4 cxd4 4. Nxd4 Nf6 5. Bd3 Nc6 6. Nxc6 bxc6 7. c4 Be7 8.
O-O d5 9. e5 Nd7 10. Re1 Qc7 11. Qg4 Kf8 12. Qf4 Nc5 13. Bc2 dxc4 14. Nd2 Ba6
15. Nxc4 Rd8 16. b3 Nd3 17. Bxd3 Rxd3 18. Nd6 Bxd6 19. exd6 Qa5 20. Bb2 Bc8 21.
Red1 Rxd1+ 22. Rxd1 Ke8 23. Bxg7 Rg8 24. Qh4 Qd8 25. Bf6 1-0

[Event "DVM U20 2024"]
[Site "Breisach am Rhein GER"]
[Date "2024.12.28"]
[Round "3"]
[White "Gouterney, Anton"]
[Black "Stettner, Oskar"]
[Result "1-0"]
[Termination "normal"]
[Board "3.6"]
[WhiteElo "1906"]
[BlackElo "1752"]
[WhiteTeam "SK Münster 32"]
[BlackTeam "TSG Oberschöneweide"]
[PlyCount "79"]
[WhiteFideId "34675418"]
[BlackFideId "34617035"]
[EventCountry "GER"]
[EventRounds "7"]
[EventType "team-swiss"]
[EventDate "2024.12.26"]

1. e4 c6 2. d4 d5 3. e5 Bf5 4. h4 Qc7 5. g4 Bd7 6. f4 e6 7. c3 c5 8. Nf3 Nc6 9.
a3 a5 10. Bd3 Qb6 11. Bc2 cxd4 12. cxd4 O-O-O 13. Nc3 Kb8 14. Be3 Rc8 15. f5
Na7 16. Rb1 Qc7 17. Bd2 Nb5 18. O-O Nxc3 19. bxc3 Ne7 20. Ng5 Be8 21. fxe6 f6
22. Nf7 Bxf7 23. exf7 Ka8 24. Qe2 fxe5 25. Qxe5 Nc6 26. Qxc7 Rxc7 27. Rb5 Nxd4
28. Rxa5+ Kb8 29. cxd4 Rxc2 30. Bf4+ Kc8 31. Re1 Kd7 32. Ra8 Rc8 33. Re8 Rxa8
34. Rxa8 Ke6 35. Kf2 Kxf7 36. Rb8 Ke6 37. Kf3 h6 38. h5 g5 39. Be5 Bg7 40. Rxh8
1-0

[Event "DVM U20 2024"]
[Site "Breisach am Rhein GER"]
[Date "2024.12.28"]
[Round "3"]
[White "Nied, Pascal"]
[Black "Nguyen, Alex Dac-Vuong"]
[Result "0-1"]
[Termination "normal"]
[Board "4.1"]
[BlackTitle "IM"]
[WhiteElo "2217"]
[BlackElo "2360"]
[WhiteTeam "SC Untergrombach 46"]
[BlackTeam "SG Leipzig"]
[PlyCount "72"]
[WhiteFideId "16260597"]
[BlackFideId "12984388"]
[EventCountry "GER"]
[EventRounds "7"]
[EventType "team-swiss"]
[EventDate "2024.12.26"]

1. e4 e6 2. d4 d5 3. Nd2 c5 4. exd5 Qxd5 5. Ngf3 cxd4 6. Bc4 Qd7 7. O-O Nc6 8.
Nb3 a6 9. Nbxd4 Nxd4 10. Nxd4 Qc7 11. Bd3 Bd6 12. h3 Ne7 13. Re1 e5 14. Nf3 f6
15. Nd2 Bf5 16. Bxf5 Nxf5 17. Ne4 Be7 18. c3 O-O 19. Qg4 Nd6 20. Nxd6 Bxd6 21.
Qe6+ Kh8 22. Be3 f5 23. Bg5 Rae8 24. Qd5 f4 25. Rad1 Bc5 26. b4 Ba7 27. Qd7
Qxc3 28. Be7 Bxf2+ 29. Kxf2 Qg3+ 30. Ke2 e4 31. Kd2 Rxe7 32. Qxe7 Qd3+ 33. Kc1
Rc8+ 34. Kb2 Rc2+ 35. Kb1 Rd2+ 36. Ka1 Qc3+ 0-1

[Event "DVM U20 2024"]
[Site "Breisach am Rhein GER"]
[Date "2024.12.28"]
[Round "3"]
[White "Haufe, Laurin"]
[Black "Hayen, Andre"]
[Result "1/2-1/2"]
[Termination "normal"]
[Board "4.2"]
[WhiteElo "2170"]
[BlackElo "2045"]
[WhiteTeam "SG Leipzig"]
[BlackTeam "SC Untergrombach 46"]
[PlyCount "77"]
[WhiteFideId "12976504"]
[BlackFideId "16278984"]
[EventCountry "GER"]
[EventRounds "7"]
[EventType "team-swiss"]
[EventDate "2024.12.26"]

1. e4 c6 2. d4 d5 3. Nd2 dxe4 4. Nxe4 Bf5 5. Ng3 Bg6 6. N1e2 Nf6 7. Nf4 e5 8.
dxe5 Qa5+ 9. c3 Qxe5+ 10. Be2 Qc7 11. O-O Bd6 12. Re1 O-O 13. Nxg6 hxg6 14. Qc2
Nbd7 15. Bg5 Rfe8 16. a4 Re5 17. Be3 Rae8 18. Red1 R5e7 19. Bc4 Ne5 20. Ba2
Neg4 21. Bd4 Nd5 22. Bc4 Nf4 23. h3 Ne5 24. Bxe5 Rxe5 25. Qd2 Nd5 26. Re1 Qe7
27. Rxe5 Qxe5 28. Rd1 Bc5 29. Bxd5 Qxg3 30. Bf3 Qh4 31. b4 Bb6 32. a5 Bc7 33.
a6 Rd8 34. Qe1 bxa6 35. Rxd8+ Qxd8 36. Bxc6 Qd6 37. Bf3 a5 38. bxa5 Qh2+ 39.
Kf1 1/2-1/2

[Event "DVM U20 2024"]
[Site "Breisach am Rhein GER"]
[Date "2024.12.28"]
[Round "3"]
[White "Doll, Rebecca"]
[Black "Herrmann, Arthur"]
[Result "0-1"]
[Termination "normal"]
[Board "4.3"]
[WhiteElo "1987"]
[BlackElo "1992"]
[WhiteTeam "SC Untergrombach 46"]
[BlackTeam "SG Leipzig"]
[PlyCount "75"]
[WhiteFideId "16236890"]
[BlackFideId "16287150"]
[EventCountry "GER"]
[EventRounds "7"]
[EventType "team-swiss"]
[EventDate "2024.12.26"]

1. e4 c5 2. Nf3 Nc6 3. d4 cxd4 4. Nxd4 Qb6 5. Nb5 a6 6. Be3 Qd8 7. N5c3 e6 8.
Nd2 b5 9. g3 Bb7 10. Bg2 d6 11. O-O Nf6 12. Qe2 Be7 13. f4 Qc7 14. h3 Nd7 15.
f5 Bf6 16. fxe6 fxe6 17. Rac1 Nde5 18. Nd1 a5 19. Nf2 Qe7 20. c3 Ba6 21. Qd1
O-O 22. b3 Rad8 23. Nf3 Nxf3+ 24. Bxf3 Ne5 25. Bg2 Rc8 26. Bd4 Bg5 27. Rc2 Nc6
28. Ng4 e5 29. Bf2 b4 30. c4 Qe6 31. h4 Bd8 32. Rd2 Bc7 33. Be3 Rxf1+ 34. Bxf1
Nd4 35. Bxd4 exd4 36. Bg2 Bb7 37. Nf2 Rf8 38. Qg4 0-1

[Event "DVM U20 2024"]
[Site "Breisach am Rhein GER"]
[Date "2024.12.28"]
[Round "3"]
[White "Schäfer, Konstantin"]
[Black "Toth, Marc"]
[Result "1/2-1/2"]
[Termination "normal"]
[Board "4.4"]
[WhiteElo "1869"]
[BlackElo "1793"]
[WhiteTeam "SG Leipzig"]
[BlackTeam "SC Untergrombach 46"]
[PlyCount "82"]
[WhiteFideId "16240510"]
[BlackFideId "16260210"]
[EventCountry "GER"]
[EventRounds "7"]
[EventType "team-swiss"]
[EventDate "2024.12.26"]

1. e4 c6 2. d4 d5 3. exd5 cxd5 4. Bd3 Nc6 5. c3 Nf6 6. Bf4 Bg4 7. Qb3 Qd7 8.
Nd2 e6 9. Ngf3 Bd6 10. Ne5 Qc7 11. Nxg4 Bxf4 12. Nxf6+ gxf6 13. Nf3 O-O-O 14.
g3 Bh6 15. O-O Kb8 16. Rad1 f5 17. Rfe1 Bg7 18. Qc2 h5 19. Qd2 Bf6 20. h4 Rdg8
21. Ng5 Bxg5 22. hxg5 h4 23. Qf4 Qxf4 24. gxf4 h3 25. Kh2 Rh4 26. Kg3 Rg4+ 27.
Kf3 Rh8 28. Rg1 Rxg1 29. Rxg1 Ne7 30. Rh1 Ng6 31. Kg3 Rh4 32. Bf1 Rg4+ 33. Kf3
Rxf4+ 34. Ke3 Re4+ 35. Kd2 Rh4 36. Rxh3 Rxh3 37. Bxh3 Kc7 38. Bf1 Kc6 39. a4 a6
40. Ke3 a5 41. Bb5+ Kd6 1/2-1/2

[Event "DVM U20 2024"]
[Site "Breisach am Rhein GER"]
[Date "2024.12.28"]
[Round "3"]
[White "Jung, Niklas"]
[Black "Nguyen, Jenny Ha-Linh"]
[Result "1-0"]
[Termination "normal"]
[Board "4.5"]
[WhiteElo "1722"]
[BlackElo "1815"]
[WhiteTeam "SC Untergrombach 46"]
[BlackTeam "SG Leipzig"]
[PlyCount "111"]
[WhiteFideId "16280601"]
[BlackFideId "16209729"]
[EventCountry "GER"]
[EventRounds "7"]
[EventType "team-swiss"]
[EventDate "2024.12.26"]

1. e4 e6 2. d4 d5 3. Bd3 dxe4 4. Bxe4 Nf6 5. Bf3 Be7 6. Ne2 O-O 7. Nbc3 c5 8.
Be3 Nbd7 9. O-O a6 10. a4 Qc7 11. Qd2 Rd8 12. Rfd1 Rb8 13. Bf4 Bd6 14. dxc5
Bxf4 15. Qxf4 e5 16. Qe3 Re8 17. b4 Nf8 18. Nd5 Nxd5 19. Bxd5 Ne6 20. Ra3 Bd7
21. c4 a5 22. Bxe6 Bxe6 23. b5 Rec8 24. Rad3 h6 25. Rc3 Qxc5 26. Rdc1 f6 27.
Ng3 Qxe3 28. fxe3 f5 29. c5 Rc7 30. Nf1 Rd8 31. Kf2 e4 32. Ke2 g5 33. g3 Kf7
34. Nd2 Bd5 35. Nb3 Bxb3 36. Rxb3 Ke6 37. b6 Rc6 38. Rb5 Rdc8 39. Rxa5 Kd5 40.
Rd1+ Ke6 41. Rc1 Kd5 42. Rd1+ Ke6 43. Ra7 Rb8 44. Rc1 Kd5 45. Kd2 Ke5 46. a5
Kd5 47. Rxb7 Rxb7 48. a6 Rbxb6 49. cxb6 Rxb6 50. Ra1 Rb8 51. a7 Ra8 52. Kc3 Kc6
53. Kd4 Kd6 54. Ra6+ Ke7 55. Ke5 Kf7 56. Rxh6 1-0

[Event "DVM U20 2024"]
[Site "Breisach am Rhein GER"]
[Date "2024.12.28"]
[Round "3"]
[White "Koll, Linus"]
[Black "Kanzow, Alexander"]
[Result "0-1"]
[Termination "normal"]
[Board "5.1"]
[WhiteElo "2041"]
[BlackElo "1939"]
[WhiteTeam "Karlsruher SF 1853"]
[BlackTeam "KSV Rochade Göttingen (Veltheim)"]
[PlyCount "84"]
[WhiteFideId "12990299"]
[BlackFideId "16225414"]
[EventCountry "GER"]
[EventRounds "7"]
[EventType "team-swiss"]
[EventDate "2024.12.26"]

1. e4 c5 2. b3 g6 3. Bb2 Nf6 4. Nc3 d6 5. Nd5 e5 6. Nxf6+ Qxf6 7. Bc4 Be6 8.
Bxe6 Qxe6 9. Ne2 d5 10. exd5 Qxd5 11. Nf4 Qd6 12. Nd3 Bg7 13. f4 Nc6 14. fxe5
Nxe5 15. Nxe5 Bxe5 16. Qe2 f6 17. Qb5+ Kf8 18. O-O-O Bxb2+ 19. Kxb2 b6 20. Rhe1
Kg7 21. Re3 Rhf8 22. g3 Rf7 23. Qc4 Rd8 24. Qc3 Qd4 25. Qxd4 Rxd4 26. d3 f5 27.
Rd2 g5 28. a4 h5 29. Re6 Rg4 30. a5 f4 31. gxf4 gxf4 32. axb6 axb6 33. Rf2 Rf6
34. Re4 f3 35. Re3 Rg2 36. Ree2 Rxf2 37. Rxf2 Kg6 38. h4 Rf4 39. Kc3 Kf5 40.
Kd2 Kg4 41. Ke3 Kg3 42. Rf1 f2 *

[Event "DVM U20 2024"]
[Site "Breisach am Rhein GER"]
[Date "2024.12.28"]
[Round "3"]
[White "Mimkes, Antal"]
[Black "Gülsen, Sinan Yilmaz"]
[Result "1-0"]
[Termination "normal"]
[Board "5.2"]
[WhiteElo "2040"]
[BlackElo "1862"]
[WhiteTeam "KSV Rochade Göttingen (Veltheim)"]
[BlackTeam "Karlsruher SF 1853"]
[PlyCount "49"]
[WhiteFideId "16265963"]
[BlackFideId "34606017"]
[EventCountry "GER"]
[EventRounds "7"]
[EventType "team-swiss"]
[EventDate "2024.12.26"]

1. e4 c5 2. Nf3 d6 3. d4 cxd4 4. Nxd4 Nf6 5. Nc3 a6 6. Rg1 e5 7. Nb3 h5 8. h3
Be6 9. g4 hxg4 10. hxg4 d5 11. exd5 Nxd5 12. Nxd5 Qxd5 13. Qxd5 Bxd5 14. Be3
Nc6 15. O-O-O O-O-O 16. Bb6 Rd7 17. Be2 Be7 18. Kb1 g6 19. c3 Bd8 20. Be3 Be4+
21. Kc1 Rxd1+ 22. Rxd1 Ne7 23. Nc5 Bc6 24. Bc4 Be8 25. Nxb7 1-0

[Event "DVM U20 2024"]
[Site "Breisach am Rhein GER"]
[Date "2024.12.28"]
[Round "3"]
[White "Scheinmaier, Mark"]
[Black "Eberle, Florian"]
[Result "1/2-1/2"]
[Termination "normal"]
[Board "5.3"]
[WhiteElo "1881"]
[BlackElo "1977"]
[WhiteTeam "Karlsruher SF 1853"]
[BlackTeam "KSV Rochade Göttingen (Veltheim)"]
[PlyCount "155"]
[WhiteFideId "16238958"]
[BlackFideId "34627731"]
[EventCountry "GER"]
[EventRounds "7"]
[EventType "team-swiss"]
[EventDate "2024.12.26"]

1. e4 c5 2. Nf3 d6 3. Bb5+ Nd7 4. a4 g6 5. a5 Bg7 6. O-O Nf6 7. Nc3 O-O 8. d4
cxd4 9. Nxd4 Nc5 10. f3 Qc7 11. Be3 a6 12. Be2 Bd7 13. Qd2 Rac8 14. Rfc1 h5 15.
Ra3 e5 16. Nb3 Rfd8 17. Na1 Be6 18. b4 Ncd7 19. Nd5 Bxd5 20. exd5 b5 21. c4
bxc4 22. Bxc4 Qb7 23. Rb3 Rc7 24. b5 axb5 25. Rxb5 Qa8 26. Qb4 Rdc8 27. Nb3 Nc5
28. Nxc5 dxc5 29. Qd2 Ne8 30. Rb6 Bf8 31. d6 Rd7 32. Bd5 Qa7 33. Rxc5 Rxc5 34.
Bxc5 Bxd6 35. Bxf7+ Kxf7 36. Qd5+ Kf6 37. Rxd6+ Rxd6 38. Qxd6+ Nxd6 39. Bxa7
Ke6 40. Kf2 Kd5 41. Bb8 Nf5 42. Ke2 Nd4+ 43. Kd3 Nc6 44. Bc7 Nb4+ 45. Ke3 Na6
46. Bd8 Nc5 47. Kf2 e4 48. Bb6 Na6 49. f4 Nb4 50. h3 Na6 51. Kg3 Ke6 52. Kh4
Kf5 53. Be3 Nc7 54. g4+ hxg4 55. hxg4+ Kf6 56. Bd4+ Kf7 57. Kg3 Ke6 58. Kf2 Kd5
59. Ke3 Na6 60. f5 gxf5 61. gxf5 Nb4 62. Bc3 Na6 63. f6 Nc5 64. Bb4 Nd7 65. f7
Ke6 66. a6 Kxf7 67. Bc5 Nf6 68. Kd4 Ne8 69. Bb6 Nd6 70. Kc5 Nc8 71. Ba5 e3 72.
Kc6 Na7+ 73. Kb7 Nb5 74. Kb6 Nd6 75. Kc7 Nb5+ 76. Kb6 Nd6 77. Ka7 e2 78. Bd2
1/2-1/2

[Event "DVM U20 2024"]
[Site "Breisach am Rhein GER"]
[Date "2024.12.28"]
[Round "3"]
[White "Tulchynsky, David"]
[Black "Haug, Mara"]
[Result "1-0"]
[Termination "normal"]
[Board "5.4"]
[WhiteElo "1877"]
[BlackElo "1948"]
[WhiteTeam "KSV Rochade Göttingen (Veltheim)"]
[BlackTeam "Karlsruher SF 1853"]
[PlyCount "61"]
[WhiteFideId "16289560"]
[BlackFideId "16259300"]
[EventCountry "GER"]
[EventRounds "7"]
[EventType "team-swiss"]
[EventDate "2024.12.26"]

1. e4 c5 2. Nf3 Nc6 3. d3 g6 4. g3 Bg7 5. Nbd2 Nf6 6. Bg2 O-O 7. O-O d5 8. Re1
Rb8 9. a4 b6 10. exd5 Nxd5 11. Nc4 Bb7 12. Bd2 Re8 13. Qc1 Qc7 14. Bh6 Bh8 15.
Qg5 Rbd8 16. Qh4 e5 17. Re2 Nde7 18. g4 f6 19. Qg3 Nd4 20. Nxd4 cxd4 21. Bxb7
Qxb7 22. f4 exf4 23. Bxf4 Nd5 24. Rxe8+ Rxe8 25. Nd6 Qb8 26. Nxe8 Nxf4 27. Re1
g5 28. Qf3 f5 29. Qc6 Be5 30. Nf6+ Kf7 31. Nd7 1-0

[Event "DVM U20 2024"]
[Site "Breisach am Rhein GER"]
[Date "2024.12.28"]
[Round "3"]
[White "Hoffmann, Alexander"]
[Black "Schilling, Rumo"]
[Result "0-1"]
[Termination "normal"]
[Board "5.5"]
[WhiteElo "1905"]
[BlackElo "1665"]
[WhiteTeam "Karlsruher SF 1853"]
[BlackTeam "KSV Rochade Göttingen (Veltheim)"]
[PlyCount "84"]
[WhiteFideId "16240219"]
[BlackFideId "16283139"]
[EventCountry "GER"]
[EventRounds "7"]
[EventType "team-swiss"]
[EventDate "2024.12.26"]

1. c4 c5 2. Nf3 g6 3. Nc3 Bg7 4. e3 Nc6 5. d4 d6 6. d5 Na5 7. Bd3 e6 8. e4 Ne7
9. h3 O-O 10. O-O a6 11. Bf4 e5 12. Bd2 f5 13. a3 b6 14. Na4 fxe4 15. Bxa5 bxa5
16. Bxe4 Rb8 17. Rb1 Nf5 18. Nc3 Nd4 19. Nxd4 exd4 20. Ne2 Qh4 21. Qd3 a4 22.
Ng3 Rb3 23. Qc2 Be5 24. Ne2 Bf5 25. Bxf5 Rxf5 26. Ng3 Rg5 27. Qe2 Rbxg3 28. f4
Rxg2+ 29. Qxg2 Rxg2+ 30. Kxg2 Bxf4 31. Rf3 Qg5+ 32. Kh1 Qe5 33. Rbf1 g5 34. h4
h6 35. hxg5 hxg5 36. Kg2 Qe2+ 37. Kh3 Qxc4 38. Kg4 Qxd5 39. Rh1 Qe6+ 40. Kh5
Qf7+ 41. Kg4 Qd7+ 42. Kh5 Qh7+ 0-1

[Event "DVM U20 2024"]
[Site "Breisach am Rhein GER"]
[Date "2024.12.28"]
[Round "3"]
[White "Tulchynsky, Mark"]
[Black "Fischer, Darja"]
[Result "1/2-1/2"]
[Termination "normal"]
[Board "5.6"]
[WhiteElo "1714"]
[BlackElo "1841"]
[WhiteTeam "KSV Rochade Göttingen (Veltheim)"]
[BlackTeam "Karlsruher SF 1853"]
[PlyCount "60"]
[WhiteFideId "34617698"]
[BlackFideId "16240898"]
[EventCountry "GER"]
[EventRounds "7"]
[EventType "team-swiss"]
[EventDate "2024.12.26"]

1. e4 c5 2. Nf3 e6 3. g3 Nc6 4. Bg2 d6 5. O-O g6 6. d4 Bg7 7. dxc5 dxc5 8.
Qxd8+ Nxd8 9. c3 b6 10. Bf4 Bb7 11. Re1 Ne7 12. Nbd2 Ba6 13. a4 Ndc6 14. Nb3
O-O 15. a5 e5 16. Be3 Rfd8 17. axb6 axb6 18. Bf1 Bxf1 19. Kxf1 Rxa1 20. Rxa1
Nc8 21. Ke2 Nd6 22. Nbd2 Nb8 23. Ra3 Nd7 24. Ne1 Bf8 25. Ra6 f6 26. Nd3 Nb5 27.
Nc4 Nc7 28. Ra7 Nb5 29. Ra6 Nc7 30. Ra7 Nb5 1/2-1/2

[Event "DVM U20 2024"]
[Site "Breisach am Rhein GER"]
[Date "2024.12.28"]
[Round "3"]
[White "Skembris, Simon Max"]
[Black "Englert, Luca"]
[Result "1/2-1/2"]
[Termination "normal"]
[Board "6.1"]
[BlackTitle "FM"]
[WhiteElo "2063"]
[BlackElo "2305"]
[WhiteTeam "SK Freiburg-Zähringen 1887"]
[BlackTeam "VfB Schach Leipzig"]
[PlyCount "111"]
[WhiteFideId "16281381"]
[BlackFideId "16293088"]
[EventCountry "GER"]
[EventRounds "7"]
[EventType "team-swiss"]
[EventDate "2024.12.26"]

1. e4 c5 2. Nf3 d6 3. d4 cxd4 4. Nxd4 Nf6 5. Nc3 a6 6. g3 e5 7. Nde2 Be7 8. Bg2
O-O 9. O-O b5 10. Nd5 Nxd5 11. Qxd5 Ra7 12. Be3 Rb7 13. Qd2 Nd7 14. Nc3 Nf6 15.
Bg5 Be6 16. Bxf6 Bxf6 17. Nd5 Bg5 18. Qd3 Qc8 19. c3 Qc4 20. Rfd1 a5 21. h4 Bd8
22. Ne3 Qxd3 23. Rxd3 Bc7 24. Rd2 Rd8 25. Nd5 Kf8 26. Bf1 Bxd5 27. Rxd5 Rdb8
28. a3 a4 29. Rb1 Ke7 30. b4 g6 31. Bd3 Ke6 32. c4 bxc4 33. Bxc4 Ke7 34. Rd2
Bb6 35. Rc1 f5 36. Bd5 Ra7 37. Kg2 Bd4 38. Rdc2 Rd8 39. Rc7+ Rd7 40. Rc8 Rd8
41. R1c7+ Rxc7 42. Rxc7+ Rd7 43. Rxd7+ Kxd7 44. f3 Bb2 45. Bc4 Kc6 46. Bf7 d5
47. Be8+ Kd6 48. exd5 Bxa3 49. Bxa4 Bxb4 50. g4 fxg4 51. fxg4 Kxd5 52. Kf3 e4+
53. Ke2 Ke5 54. h5 Kf4 55. hxg6 hxg6 56. Bd7 1/2-1/2

[Event "DVM U20 2024"]
[Site "Breisach am Rhein GER"]
[Date "2024.12.28"]
[Round "3"]
[White "Schön, Florian"]
[Black "Lauterbach, Kolja"]
[Result "0-1"]
[Termination "normal"]
[Board "6.2"]
[WhiteElo "1919"]
[BlackElo "1958"]
[WhiteTeam "VfB Schach Leipzig"]
[BlackTeam "SK Freiburg-Zähringen 1887"]
[PlyCount "126"]
[WhiteFideId "16259394"]
[BlackFideId "16235916"]
[EventCountry "GER"]
[EventRounds "7"]
[EventType "team-swiss"]
[EventDate "2024.12.26"]

1. e4 e5 2. Nf3 Nc6 3. d4 exd4 4. Bc4 Nf6 5. O-O Nxe4 6. Re1 d5 7. Bxd5 Qxd5 8.
Nc3 Qa5 9. Nxe4 Be6 10. Neg5 O-O-O 11. Nxe6 fxe6 12. Rxe6 Bd6 13. Qe2 Qh5 14.
h3 Rhe8 15. Bg5 Ne5 16. Rxe8 Rxe8 17. Bd2 Nxf3+ 18. Qxf3 Qxf3 19. gxf3 Re2 20.
Rd1 Bc5 21. Kg2 Kd7 22. Kf1 Re6 23. Re1 Rxe1+ 24. Kxe1 Ke6 25. Ke2 Bd6 26. Kd3
Kd5 27. a4 c5 28. b3 b6 29. Bg5 h6 30. Bc1 g5 31. Bb2 Be5 32. Bc1 a6 33. Ba3 b5
34. axb5 axb5 35. Bc1 c4+ 36. bxc4+ bxc4+ 37. Ke2 Bf4 38. Ba3 Bd6 39. Bc1 Ke6
40. Bb2 Bc5 41. Bc1 Kf5 42. Kd1 Bd6 43. Ke2 Kg6 44. Bb2 Be5 45. Ba3 Bg7 46. Bd6
Kh5 47. f4 g4 48. hxg4+ Kxg4 49. f3+ Kf5 50. Kf2 h5 51. Ke2 Bf6 52. Bb8 h4 53.
Kf1 h3 54. Bd6 Bh4 55. Bc5 d3 56. cxd3 cxd3 57. Be3 Bg3 58. Bd2 Bxf4 59. Be1
Be3 60. Bg3 d2 61. Ke2 Bf4 62. Bh2 Bxh2 63. Kxd2 Bg1 0-1

[Event "DVM U20 2024"]
[Site "Breisach am Rhein GER"]
[Date "2024.12.28"]
[Round "3"]
[White "Ciuloi, Victor Stefan"]
[Black "Allmendinger, Anton Johannes"]
[Result "1-0"]
[Termination "normal"]
[Board "6.3"]
[WhiteElo "1941"]
[BlackElo "1743"]
[WhiteTeam "SK Freiburg-Zähringen 1887"]
[BlackTeam "VfB Schach Leipzig"]
[PlyCount "89"]
[WhiteFideId "16242262"]
[BlackFideId "34676961"]
[EventCountry "GER"]
[EventRounds "7"]
[EventType "team-swiss"]
[EventDate "2024.12.26"]

1. d4 d5 2. Nf3 Nf6 3. g3 g6 4. Bg2 Bg7 5. O-O O-O 6. c4 c6 7. cxd5 cxd5 8. Nc3
Nc6 9. Ne5 e6 10. Nxc6 bxc6 11. Bg5 Qb6 12. Na4 Qb5 13. Bxf6 Bxf6 14. Rc1 Ba6
15. Re1 Rfc8 16. e3 Be7 17. a3 Rab8 18. b4 Qd3 19. Qxd3 Bxd3 20. Nc5 Bc4 21.
Nd7 Rb7 22. Ne5 Bb5 23. Bf1 Rbc7 24. Rc3 f6 25. Nd3 Bc4 26. Nf4 Bxf1 27. Kxf1
Kf7 28. Rec1 Bd6 29. Nd3 Ke7 30. f4 Kd7 31. Nc5+ Bxc5 32. Rxc5 Rb8 33. Ra5 Rb5
34. Rc5 Rxa5 35. Rxa5 e5 36. dxe5 fxe5 37. Ke2 exf4 38. gxf4 Ke6 39. Rc5 Kd6
40. Kd3 Re7 41. Ra5 Rc7 42. Kd4 Kd7 43. Ke5 Kc8 44. Kd6 Kb7 45. Rxa7+ 1-0

[Event "DVM U20 2024"]
[Site "Breisach am Rhein GER"]
[Date "2024.12.28"]
[Round "3"]
[White "Feilhauer, Janick"]
[Black "Miller, Konstantin"]
[Result "0-1"]
[Termination "normal"]
[Board "6.4"]
[WhiteElo "1710"]
[BlackElo "1929"]
[WhiteTeam "VfB Schach Leipzig"]
[BlackTeam "SK Freiburg-Zähringen 1887"]
[PlyCount "100"]
[WhiteFideId "16266358"]
[BlackFideId "34628380"]
[EventCountry "GER"]
[EventRounds "7"]
[EventType "team-swiss"]
[EventDate "2024.12.26"]

1. d4 Nf6 2. c4 e6 3. Nc3 Bb4 4. e3 O-O 5. Ne2 Re8 6. a3 Bf8 7. Ng3 d5 8. Bd3
dxc4 9. Bxc4 c5 10. O-O cxd4 11. exd4 Nc6 12. Be3 b6 13. d5 exd5 14. Nxd5 Be6
15. Bg5 Bxd5 16. Bxf6 Qxf6 17. Bxd5 Rad8 18. Qf3 Qxf3 19. Bxf3 Nd4 20. Bg4 g6
21. Rfe1 f5 22. Rxe8 Rxe8 23. Rd1 Bg7 24. Bh3 Rc8 25. Rd2 Rc2 26. Rxc2 Nxc2 27.
Nf1 Bxb2 28. a4 a6 29. Ne3 Nb4 30. g3 Bd4 31. Bf1 Kg7 32. Bc4 Bxe3 33. fxe3 Kf6
34. Kf2 Ke5 35. Ke2 a5 36. Kd2 h6 37. Ke2 Nd5 38. Kd3 Ne7 39. Bb3 Nc8 40. Bf7
g5 41. Be8 Kd5 42. Bb5 Nd6 43. Bd7 Ne4 44. Kc2 Nc5 45. Be8 Ke4 46. Kd2 Kf3 47.
Bc6+ Kf2 48. g4 fxg4 49. e4 Kf3 50. Bd5 Kf4 0-1

[Event "DVM U20 2024"]
[Site "Breisach am Rhein GER"]
[Date "2024.12.28"]
[Round "3"]
[White "Hördt, Benjamin"]
[Black "Wittig, Georg"]
[Result "1/2-1/2"]
[Termination "normal"]
[Board "6.5"]
[WhiteElo "1901"]
[BlackElo "1692"]
[WhiteTeam "SK Freiburg-Zähringen 1887"]
[BlackTeam "VfB Schach Leipzig"]
[PlyCount "152"]
[WhiteFideId "34648810"]
[BlackFideId "16266366"]
[EventCountry "GER"]
[EventRounds "7"]
[EventType "team-swiss"]
[EventDate "2024.12.26"]

1. d4 Nf6 2. c4 e6 3. Nc3 d5 4. cxd5 exd5 5. Bg5 c6 6. e3 Nbd7 7. Bd3 Be7 8.
Nf3 O-O 9. O-O Re8 10. Qc2 Nf8 11. h3 h6 12. Bf4 Bd6 13. Bxd6 Qxd6 14. Rab1 a5
15. a3 N8d7 16. b4 axb4 17. axb4 b6 18. b5 c5 19. dxc5 Nxc5 20. Rfd1 Bb7 21.
Bf1 Qe7 22. Ra1 Rec8 23. Ne2 Qe8 24. Nfd4 Nfe4 25. Qb2 Qe5 26. Nf4 g5 27. Nd3
Nxd3 28. Bxd3 Nc5 29. Bf5 Re8 30. Rxa8 Rxa8 31. Qc2 Qe8 32. Bg4 Ra4 33. Qf5 Kg7
34. Qf3 Qe4 35. Nf5+ Kf8 36. Nd6 Qe7 37. Nxb7 Qxb7 38. Rxd5 Rb4 39. Rd8+ Ke7
40. Qxb7+ Nxb7 41. Rb8 Nd6 42. Rxb6 Rxb5 43. Rxb5 Nxb5 44. Kf1 Nd6 45. Ke2 Kf6
46. Kd3 Ke5 47. Bd7 Nb7 48. Bg4 Nc5+ 49. Ke2 Ne4 50. Bf3 Nd6 51. g3 Nf5 52. Bg2
Nd6 53. f4+ gxf4 54. gxf4+ Kf5 55. Kf3 Ne4 56. Bf1 Nd2+ 57. Ke2 Ne4 58. Bg2 Nc5
59. Bf3 f6 60. Bh1 Ne6 61. Bd5 Nc7 62. Bc6 Kg6 63. Kf3 f5 64. Bd7 Nd5 65. Bc8
Kf6 66. e4 fxe4+ 67. Kxe4 Ne7 68. Bd7 Ng6 69. Kf3 Ne7 70. Kg4 Nd5 71. Bc8 Ne3+
72. Kh5 Ng2 73. Kg4 Ne3+ 74. Kg3 Nd5 75. Kf3 Ne7 76. Ba6 Nf5 1/2-1/2